000 00393 a2200145 4500
005 20250623113720.0
020 _a0 7131 2570 5
082 _aLM 669 COT
100 _aCOTTRELL, A.
245 _aAn Introduction to Metallurgy: SI Units
250 _a2nd Ed.
260 _aLondon,
_bEdward Arnold Publishers Ltd,
_c1975.
300 _axii, 548p.: figure, table.
_bIndex.
_c22cm.
942 _2ddc
_cBKS
999 _c3441
_d3441